1902 1361 1514 1200 1017 1496 1491 1457 1438 1520 1504 1967 1710 1671 1006 1225 1829 1532 1719 1751 1380 1114 1210 1584 1275 1446 1892 1124 1787 1750 1498 1701 1562 1670 1966 1016 1668 1216 1702 1526 1904 1757 1384 1397 1677 1964 1122 1501 1897 1965 1591 1207 1112 1136 1224 1792 1633 1924 1430 1188 1467 1281 1816 1273 1953 1575 1219 1802 1206 1146 1599 1559 1486 1249 1803 1023 1590 1860 1086 1118 1372 1581 1475 1924 1320 1111 1006 1152 1153 1410 1840 1227 1738 1835 1220 1863 1646 1183 1827 BCNSPRNW ULIB Ver.6.0+V

เปลี่ยนเป็นภาษาไทย

Change to English
 แสดงรายละเอียดบรรณานุกรม
  กลับหน้าหลัก

Brief Record : Get Marc (ISO 2709) : E-mail record : QR code < ปิดหน้าต่าง
LEADER : 00000nam 2200000uu 4500
001    13399120460
003     ULIB
008    120920s2546||||th 000 0 tha d
020    ^a9749144066
060 04 ^aWB205^bอ242ก 2546
245 00 ^aการซักประวัติและตรวจร่างกาย =^bIntroduction to clinicalmedicine /^c[บรรณาธิการ] อภิชัย ลีละสิริ ... [และคนอื่นๆ]
246 31 ^aIntroduction to clinical medicine
250    ^aพิมพ์ครั้งที่ 2
260    ^aกรุงเทพฯ :^bโครงการตำรา วิทยาลัยแพทยศาสตร์พระมงกุฏเกล้า,^c2546
300    ^aviii, 273 หน้า :^bภาพประกอบ ;^c26 ซม.
440  0 ^aโครงการตำรา วพม. ;^vเล่มที่ 1/2544
650  7 ^aการตรวจร่างกาย
650  7 ^aการซักประวัติผู้ป่วย
700 0  ^aอภิชัย ลีละศิริ,^eบรรณาธิการ
710 2  ^aวิทยาลัยแพทยศาสตร์พระมงกุฏเกล้า. ^bโครงการตำรา
945    ^p300^l0^i24440
945    ^p300^l0^i14526
945    ^p300^l0^i14527
995    ^aกัณชพร
999 ^a ใช้งานได้ทุกระบบ
รายการนี้ยังไม่มีแท็ก
คุณยังไม่ได้ล็อกอิน คุณสามารถมีกิจกรรมร่วมกับเว็บไซต์ได้ แต่ต้องล็อกอินก่อน ::
  ล็อกอิน

รายการสื่อสารสนเทศ

ลำดับที่ ประเภท เลขเรียก/บาร์โค้ด สถานที่ สถานะ
1. วิทยาศาสตร์การแพทย์ และสุขภาพ
วิทยาศาสตร์การแพทย์ และสุขภาพ
WB205 อ242ก 2546  
  Barcode: 24440
ห้องสมุดวิทยาเขตนครสวรรค์
►ส่วนจัดเก็บหนังสือเก่า นว.
บนชั้น
  ขอยืม

รายการใกล้เคียง
    หัวเรื่อง [การตรวจร่างกาย]
    หัวเรื่อง [การซักประวัติผู้ป่วย]

BibComment


ยังไม่เคยถูกคอมเมนท์

คอมเมนท์ทรัพยากรรายการนี้
  คอมเมนท์: การซักประวัติและ..


 Copyright 2026. Bcnsprnw @Library